Story of my lifr: an unknown fragment (Record no. 352054)

000 -LEADER
fixed length control field 00439cam a22001337a 4500
008 - FIXED-LENGTH DATA ELEMENTS--GENERAL INFORMATION
fixed length control field 180718b1978 xxu||||| |||| 00| 0 eng d
082 ## - DEWEY DECIMAL CLASSIFICATION NUMBER
Classification number A99 R13/D535
100 ## - MAIN ENTRY--PERSONAL NAME
Personal name Rai, Lala Lajpat
245 ## - TITLE STATEMENT
Title Story of my lifr: an unknown fragment
Statement of responsibility, etc. by Lala Lajpat Rai and edited by Joginder Singh Dhanki
260 ## - PUBLICATION, DISTRIBUTION, ETC.
Place of publication, distribution, etc. New Delhi
Name of publisher, distributor, etc. Gitanjali Prakashan
Date of publication, distribution, etc. 1978
300 ## - PHYSICAL DESCRIPTION
Extent 120p.
650 ## - SUBJECT ADDED ENTRY--TOPICAL TERM
Topical term or geographic name entry element Rai, Lala Lajpat, 1865-1928
700 ## - ADDED ENTRY--PERSONAL NAME
Personal name Dhanki, Joginder Singh
Holdings
Withdrawn status Lost status Damaged status Not for loan Permanent Location Current Location Date acquired Full call number Barcode Date last seen Price effective from Koha item type
        Indian Institute of Public Administration Indian Institute of Public Administration 1993-11-18 A99 R13/D535 54301 2018-07-21 2018-07-21 Book

Powered by Koha